Regenerative medicine, stem cells and the liver (Record no. 11953)

MARC details
000 -LEADER
fixed length control field 02450nam a2200325Ia 4500
001 - CONTROL NUMBER
control field SCP0NE10726PDF
003 - CONTROL NUMBER IDENTIFIER
control field BD-DhSAU
005 - DATE AND TIME OF LATEST TRANSACTION
control field 20151012144307.0
006 - FIXED-LENGTH DATA ELEMENTS--ADDITIONAL MATERIAL CHARACTERISTICS
fixed length control field m|||||o||d||||||||
007 - PHYSICAL DESCRIPTION FIXED FIELD--GENERAL INFORMATION
fixed length control field cr||||
008 - FIXED-LENGTH DATA ELEMENTS--GENERAL INFORMATION
fixed length control field 120720s2012 fluad sb 001 0 eng d
020 ## - INTERNATIONAL STANDARD BOOK NUMBER
International Standard Book Number 9781466513853 (ebook : PDF)
040 ## - CATALOGING SOURCE
Original cataloging agency BD-DhSAU
Transcribing agency BD-DhSAU
090 ## - LOCALLY ASSIGNED LC-TYPE CALL NUMBER (OCLC); LOCAL CALL NUMBER (OCLC)
Classification number (OCLC) (R) ; Classification number, CALL (RLIN) (NR) QH499
Local cutter number (OCLC) ; Book number/undivided call number, CALL (RLIN) .R44 2012
092 ## - LOCALLY ASSIGNED DEWEY CALL NUMBER (OCLC)
Classification number 616.362
Item number R333
245 00 - TITLE STATEMENT
Title Regenerative medicine, stem cells and the liver
Medium [electronic resource] /
Statement of responsibility, etc. editor, David C. Hay.
260 ## - PUBLICATION, DISTRIBUTION, ETC. (IMPRINT)
Place of publication, distribution, etc. Boca Raton, Fla. :
Name of publisher, distributor, etc. CRC Press/Taylor & Francis Group ;
Place of publication, distribution, etc. Enfield, N.H. :
Name of publisher, distributor, etc. Science Publishers,
Date of publication, distribution, etc. c2012.
300 ## - PHYSICAL DESCRIPTION
Extent xii, 190 p. :
Other physical details ill.
504 ## - BIBLIOGRAPHY, ETC. NOTE
Bibliography, etc Includes bibliographical references and index.
505 0# - FORMATTED CONTENTS NOTE
Formatted contents note 1. Stem cell therapy in the context of chronic liver disease : promise and pitfalls / Prakash Ramachandran and John P. Iredale -- 2. Sources of human liver cells and the challenge of working with primary tissue / Janet W.C. Kung and James A. Ross -- 3. Role of pluripotent stem cells in regenerative medicine / Eriona Hysolli ... [et al.] -- 4. Human liver development as a template to generate high fidelity models / Claire N. Medine ... [et al.] -- 5. Applying pluripotent stem cell technology to modelling human liver disease / Nicholas R.F. Hannan, S. Tamir Rashid and Ludovic Vallier -- 6. Applying stem cell technology to high through-put drug screening / Mia Emg�ard and Petter Bj�orquist -- 7. Stem cells in the development of products for regenerative medicine / Paul A. De Sousa, Scott McRae and Glyn Stacey -- 8. Cells for bioartificial liver support / Humphrey Hodgson, Amy Thomas and Clare Selden -- 9. Stem cell technology and cell based therapies / Nicholas James Davies and Philip Noel Newsome -- 10. Advances in cell therapy for liver disease / Luke Boulter -- 11. Technical and bioethical challenges associated with using stem cells for research and therapy / Jordi L. Tremoleda, Itziar de Lecuona and Sian E. Harding.
530 ## - ADDITIONAL PHYSICAL FORM AVAILABLE NOTE
Additional physical form available note Also available in print edition.
538 ## - SYSTEM DETAILS NOTE
System details note Mode of access: World Wide Web.
650 #0 - SUBJECT ADDED ENTRY--TOPICAL TERM
Topical term or geographic name as entry element Regenerative medicine.
650 #0 - SUBJECT ADDED ENTRY--TOPICAL TERM
Topical term or geographic name as entry element Liver
General subdivision Regeneration.
650 #0 - SUBJECT ADDED ENTRY--TOPICAL TERM
Topical term or geographic name as entry element Stem cells.
655 #7 - INDEX TERM--GENRE/FORM
Genre/form data or focus term Electronic books.
Source of term lcsh
700 1# - ADDED ENTRY--PERSONAL NAME
Personal name Hay, David C.,
Dates associated with a name 1973-
776 1# - ADDITIONAL PHYSICAL FORM ENTRY
International Standard Book Number 9781578087396 (hardback)
856 40 - ELECTRONIC LOCATION AND ACCESS
Uniform Resource Identifier <a href="http://marc.crcnetbase.com/isbn/9781466513853">http://marc.crcnetbase.com/isbn/9781466513853</a>
Electronic format type application/PDF

No items available.